Countries with TOP500 Supercomputers Quiz Stats

Quiz not verified by Sporcle

Also try: Not the Obvious IV
Challenge
Share
Tweet
Embed
Score 0/32 Timer 04:00
0 Plays Today
Number of Supercomputers Country % Correct
277United States
100%
21China
98.2%
1*Hong Kong
97.6%
45United Kingdom
96.4%
16Japan
94.7%
27Germany
91.7%
26France
91.7%
8Russia
91.1%
6Spain
88.8%
9Canada
87.6%
6Italy
87.6%
3India
83.4%
1Brazil
81.7%
1Australia
79.9%
5Switzerland
79.3%
7Sweden
77.5%
Number of Supercomputers Country % Correct
2Norway
73.4%
2Finland
72.2%
2South Korea
71.6%
3Netherlands
70.4%
8Austria
68.6%
8New Zealand
67.5%
3Poland
67.5%
1South Africa
66.9%
1Belgium
66.3%
1Ireland
63.9%
4Saudi Arabia
56.8%
2Israel
46.7%
1Singapore
42%
1Malaysia
35.5%
1Slovenia
25.4%
1Bulgaria
17.8%

You're not logged in!

Compare scores with friends on all Sporcle quizzes.
Join for Free
OR
Log In

You Might Also Like...

Show Comments

Extras

Top Quizzes Today


Score Distribution

Your Account Isn't Verified!

In order to create a playlist on Sporcle, you need to verify the email address you used during registration. Go to your Sporcle Settings to finish the process.

Report this User

Report this user for behavior that violates our Community Guidelines.

Details: